00460nam a2200109Ia 4500008004100000100002600041245014000067260002900207300001700236650001500253856008200268160712s9999 xx 000 0 und d aVillareal, Corazon D. cCorazon D. Villareala“Is the Hydra the Enemy?” A Review of English Language as Hydra: Its Impacts on Non-English Language Cultures c2012bHumanities Diliman avol. 9 no. 2 xHUMANITIES uhttp://journals.upd.edu.ph/index.php/humanitiesdiliman/issue/view/387/showToc